| 000 | 00382cam a2200145ua 4500 | ||
|---|---|---|---|
| 041 |
_aeng _h |
||
| 082 |
_a338.9 _bKES/FI |
||
| 100 | _aKesava Iyengar, S . | ||
| 245 |
_aFifteen year of democratic planning / _cS Kesava Iyengar. _hTextual Documents |
||
| 260 |
_aMumbai : _bAsia Publishing House , _c1965. |
||
| 300 | _a1128 ; . | ||
| 504 | _a | ||
| 942 | _cBK | ||
| 999 |
_c2125 _d2125 |
||